Η περιπέτεια του Τσόκλη μπροστά και πίσω απ' τον καθρέφτη ή πως ο Τσόκλης είδε πέρα απ' τα φαινόμενα
Αποθηκεύτηκε σε:
| Κύριος συγγραφέας: | |
|---|---|
| Μορφή: | Βιβλίο |
| Γλώσσα: | Greek |
| Δημοσίευση: |
Ρόδος :
Δημοτική Πινακοθήκη Ρόδου,
1987
|
| Θέματα: | |
| Ετικέτες: |
Προσθήκη ετικέτας
Δεν υπάρχουν, Καταχωρήστε ετικέτα πρώτοι!
|
MARC
| LEADER | 00000nam a2200000 i 4500 | ||
|---|---|---|---|
| 001 | 1/78312 | ||
| 008 | 970218s1987 gre d | ||
| 035 | |a 1989 |b 3 |c Δωρεά |l 10032891 | ||
| 040 | |a GR-MY-UA |b gre |e aacr | ||
| 041 | 0 | |a gre | |
| 082 | 0 | |a 730.9495 | |
| 100 | 1 | |a Pierre, Jose |d 1927- | |
| 245 | 1 | 2 | |a Η περιπέτεια του Τσόκλη μπροστά και πίσω απ' τον καθρέφτη ή πως ο Τσόκλης είδε πέρα απ' τα φαινόμενα / |c Jose Pierre ; επιμέλεια Κ. Τσόκλης ; μετάφραση Γιάννης Βαρβέρης |
| 260 | |a Ρόδος : |b Δημοτική Πινακοθήκη Ρόδου, |c 1987 | ||
| 300 | |a 70 σ. | ||
| 500 | |a Περιλαμβάνει εικόνες από πίνακες του Κώστα Τσόκλη | ||
| 650 | 0 | 0 | |a Sculptors |z Greece |x Exhibitions. |
| 852 | |a INST |b RHODES |e 19970218 |h 730.9495 PIE |p 005400005162 |q 005400005162 |t BK |y 0 | ||
| 909 | |a Ρ |b 014899 |c 1989 | ||
| 970 | |z 2000/08/ΔΕΜΕΝΑΓΑΣ ΠΕΤΡΟΣ | ||